000 00867cab a2200241 4500
001 WB3501-23
008 090401t1998 xxu||||| |||| 00| 0 eng d
035 _a(Sirsi) u90526
041 _aeng
245 _aLimits on right to roam
260 _c1998
350 _a0
490 _aDaily Telegraph
_v28 December 1998, 3(1)
520 _aGovernment is considering allowing landowners some flexibility as part of proposed legislation on the right to roam, giving them the opportunity to close land during the grouse-shooting season, while birds are breeding, or for other reasonable purposes.
650 _aACCESS TO COUNTRYSIDE
650 _aACCESS TO LAND
650 _aCOUNTRY LANDOWNERS ASSOCIATION
650 _aRAMBLERS ASSOCIATION
650 _aRIGHT TO ROAM
690 _aHIGHWAYS RIGHTS OF WAY AND EASEMENTS
942 _n0
948 _c05/01/1999
999 _c57404
_d57404